000 00588nam a22002057i 4500
001 3978
003 OSt
005 20170126082325.0
007 tu
008 161220s1997 xxu||||| |||| 00| 0 d
024 7 _a3977
_2RID
040 _cOSt
084 _a9.31
_a10.12
_2z
245 0 0 _aDevelopment, Restructuring, Privatization, Competition and Structural Change in the Hungarian Banking Sector
260 _aBudapest,
_c1997.
300 _a21 S. ;
_c30cm.
490 _aRRT Hungary Document
_v40
651 _aHungary
110 2 _aInstitute for World Economics, Hungarian Academy of Sciences
_eEd.
942 _cB
999 _c3910
_d3910